00951nam a22002537a 45000010005000000030006000050050017000110080041000280200018000690400029000870500018001160820010001341000019001442450068001632500037002312600036002683000058003045050007003625200234003695210019006035210018006226500031006407000026006717950FISKH20250814144644.0250814b cb ||||| |||| 00| 0 eng d a9780778710905 aFISKHbengcFISKHdFISKH aPZ7.A743355 O a823.9 aArrigan, Mary  aPa Jinglebob and the Grabble Gang /cMary Arrigan ; Korky Paul  aThis edition published in 2006.  aNew York : bCrabtree, c1988.  a48 unnumbered pages : bcolor illustrations ; c22 cm aN  aAlthough what Pa Jinglebob really likes to do is knit, as sheriff of Buckeroo and he must take action when the dastardly Mr. Grabble and his gang try to cheat residents out of their land to build a railroad straight through town.8 a530 bLexile 8 aN bRaz-Plus  aCowboysvJuvenile Fiction  aPaul, Korky eAuthor